Modificación y resolución de los contratos por excesiva onerosidad o imposibilidad en su ejecución (Record no. 129322)

MARC details
000 -LEADER
campo de control de longitud fija 01015nam a2200241 i 4500
001 - NÚMERO DE CONTROL
campo de control 129322
003 - IDENTIFICADOR DE NÚMERO DE CONTROL
campo de control ES-MaACL
005 - FECHA Y HORA DE LA ÚLTIMA TRANSACCIÓN
campo de control 20250404170343.0
007 - CAMPO FIJO DE DESCRIPCIÓN FÍSICA--INFORMACIÓN GENERAL
campo de control de longitud fija t|
008 - DATOS DE LONGITUD FIJA--INFORMACIÓN GENERAL
campo de control de longitud fija 070612s1951 sp ||||1| spa d
080 ## - NÚMERO DE LA CLASIFICACIÓN DECIMAL UNIVERSAL
Número de la Clasificación Decimal Universal 347.447.63
100 1# - ENTRADA PRINCIPAL--NOMBRE DE PERSONA
Nombre de persona Terraza Martorell, Juan.
9 (RLIN) 109781
245 10 - MENCIÓN DEL TÍTULO
Título Modificación y resolución de los contratos por excesiva onerosidad o imposibilidad en su ejecución
Resto del título : teoría de la claúsula rebus sic stantibus /
Mención de responsabilidad, etc. Juan Terraza Martorell.
260 ## - PUBLICACIÓN, DISTRIBUCIÓN, ETC.
Lugar de publicación, distribución, etc. Barcelona :
Nombre del editor, distribuidor, etc. Bosch,
Fecha de publicación, distribución, etc. 1951.
300 ## - DESCRIPCIÓN FÍSICA
Extensión 182 p. ;
Dimensiones 23 cm.
510 ## - NOTA DE CITAS O REFERENCIAS BIBLIOGRÁFICAS
Nombre de la fuente CCPB,
Localización dentro de la fuente 001088323-1
650 #7 - PUNTO DE ACCESO ADICIONAL DE MATERIA--TÉRMINO DE MATERIA
9 (RLIN) 169000
Término de materia o nombre geográfico como elemento de entrada Contratos-
Subdivisión geográfica España
852 ## - LOCALIZACIÓN
Ubicación ES-MaACL
Número de control de estantería D-6550
Sublocalización o colección R.31104
-- R.M. 6141
Ubicación en estantería Sala Valle Inclán
Marcas de propiedad Sello en tinta azul de la Biblioteca del Ateneo de Madrid
Anotaciones manuscritas Anotación manuscrita en cubierta: "19"
Nota libre En cubierta: "19"
itemnumber 134053
942 ## - ELEMENTOS DE ENTRADA SECUNDARIOS (KOHA)
Fuente del sistema de clasificación o colocación Clasificación decimal universal
Tipo de ítem Koha Libro impreso
Holdings
Estatus retirado Estado de pérdida Estado de daño No para préstamo Biblioteca de origen Biblioteca actual Ubicación en estantería Fecha de adquisición Fuente de adquisición Total de préstamos Signatura topográfica completa Código de barras Visto por última vez Precio de reemplazo Tipo de ítem Koha
        Biblioteca del Ateneo de Madrid Biblioteca del Ateneo de Madrid Sala Valle Inclán 17/01/2008     D-6550 901134673 23/02/2023 23/02/2023 Libro impreso